000 00657nam a2200253 a 4500
008
020 _a024051422
090 1 0 _aPN 4784 CHA
100 1 0 _aChantler,Paul
245 1 0 _aLocal radio and television
250 1 0 _a2nd ed
260 1 0 _aOxford, :
_b Butterworth and Heinemann,
_c1997
300 _axiv, 775 p . :
_bill , ;
_c21 cm
650 _aJournalism
650 _aLocal radio journalism
700 _aHarris Sim
700 _aHarris Sim
907 _a.b10099530
_b19-04-07
_c02-12-03
003
005 20230123133527.0
040 _cNUST
049 _aMAIN
942 _cBOOKS
_kPN 4784 CHA
999 _c150140
_d150140